000
00238nam a2200109Ia 4500
008
240625s9999 xx 000 0 und d
041
_a
eng
082
_a
658.155 THR
100
_a
THRUN WALT
245
_a
MAXIMIZING PROFIT
260
_c
2003
999
_c
34909
_d
34909